| 000 | 00601ntm a22002297a 4500 | ||
|---|---|---|---|
| 005 | 20210625094951.0 | ||
| 008 | 210625b xxu||||| |||| 00| 0 spa d | ||
| 020 | _a9786076226957 | ||
| 041 | _aspa | ||
| 082 | _a005.3 M489a | ||
| 100 |
_aMEDIAactive _954694 |
||
| 245 | _aAprender Windows 10 con 100 ejercicios prácticos | ||
| 260 | _aMéxico | ||
| 260 | _bAlfaomega | ||
| 260 | _c2016 | ||
| 300 | _a216 páginas | ||
| 650 |
_aINFORMÁTICA _9945 |
||
| 650 |
_aWINDOWS 10 _960681 |
||
| 650 |
_aPROGRAMACIÓN DE SISTEMAS _960682 |
||
| 650 |
_aCONFIGURACIÓN DE EQUIPOS _960683 |
||
| 942 | _cBK | ||
| 999 |
_c13061 _d13061 |
||